Gaming Quiz

Random Gaming Quiz

Top Rated Zelda Classic Quests Quiz Stats

 Plays Quiz not verified by Sporcle

Challenge
Share
Tweet
Embed
Score 0/20 Timer 05:00
0 Plays Today
Position Quest % Correct
#3Origin
59.3%
#6Lost Isle
59.3%
#1The Hero of Dreams
55.6%
#9Isle of Rebirth
48.1%
#5Quest 744
33.3%
#4Link's Quest for the Hookshot 2: Quest
29.6%
#19Isle of the Winds
29.6%
#15Link to Tortuga
25.9%
#16Zelda's Butt
25.9%
#18MegaMan: Dr.Wily's Revenge - Director's Cut
25.9%
Position Quest % Correct
#2Power of Geduina
18.5%
#17Link's Birthday
18.5%
#12The Hidden Duality: Director's Cut
14.8%
#13The Hero's Memory
14.8%
#10Depressive Donuts: I Hate Mayonnaise 2
11.1%
#14Golvellius la Quete du Second
11.1%
#20Bikdip's Adventure 2: Electric Boogaloo
11.1%
#8Hero's Legend
7.4%
#11Promised Lands
7.4%
#7Randomizer Modern
3.7%

You're not logged in!

Compare scores with friends on all Sporcle quizzes.
Join for Free
OR
Log In

You Might Also Like...

Show Comments

Extras

Created Jul 11, 2014ReportNominate
Tags:quest, zelda

Top Quizzes Today


Score Distribution

Your Account Isn't Verified!

In order to create a playlist on Sporcle, you need to verify the email address you used during registration. Go to your Sporcle Settings to finish the process.

Report this User

Report this user for behavior that violates our Community Guidelines.

Details: